| 000 | 00540nam a2200181Ia 4500 | ||
|---|---|---|---|
| 005 | 20250317125354.0 | ||
| 008 | 008 250317s9999 xx 000 0 eng d | ||
| 037 | _aTextbook | ||
| 040 |
_aFMSL _beng _cFMSL |
||
| 041 |
_aeng _2eng |
||
| 084 |
_aX621`N94.44x N5 _qFMSL |
||
| 100 | _aR B I | ||
| 245 | 0 | _aReport on trend and progress of banking in India, 1993-94, (July-June) | |
| 260 |
_aNew Delhi _bNew Delhi, R.B.I _c1995 |
||
| 300 | _a198p | ||
| 942 |
_cTB _hX621`N94.44x N5 |
||
| 999 |
_c1259185 _d1259185 |
||